| Tag |
First Indicator |
Second Indicator |
Subfields |
| LEADER |
00000cam a2200000 a 4500 |
| 001 |
in00001345821 |
| 005 |
20151006061306.0 |
| 008 |
970317s1996 dcua f000 0 eng d |
| 010 |
|
|
|a gp 97059826
|
| 035 |
|
|
|a (OCoLC)36560321
|
| 035 |
|
|
|9 AHG3442AM
|
| 040 |
|
|
|a GPO
|c GPO
|d DLC
|d MvI
|d UtOrBLW
|
| 043 |
|
|
|a n-us---
|
| 086 |
0 |
|
|a D 101.43/2:776
|
| 245 |
0 |
0 |
|a Be the nursing professional you always wanted to be :
|b as a nurse anesthetist on the Army Reserve health care team.
|
| 246 |
3 |
0 |
|a As a nurse anesthetist on the Army Reserve health care team
|
| 264 |
|
1 |
|a [Washington, D.C.?] :
|b The Reserve,
|c [1996]
|
| 300 |
|
|
|a 4 unnumbered pages :
|b color illustrations ;
|c 22 cm.
|
| 336 |
|
|
|a text
|b txt
|2 rdacontent
|
| 337 |
|
|
|a unmediated
|b n
|2 rdamedia
|
| 338 |
|
|
|a volume
|b nc
|2 rdacarrier
|
| 500 |
|
|
|a Cover title.
|
| 500 |
|
|
|a Shipping list number: 97-0155-P.
|
| 500 |
|
|
|a "RPI 776, December 1996"--P. [4] of cover.
|
| 610 |
1 |
0 |
|a United States.
|b Army Reserve
|x Recruiting, enlistment, etc.
|
| 650 |
|
0 |
|a Nurse anesthetists
|x Recruiting
|z United States.
|
| 710 |
1 |
|
|a United States.
|b Army Reserve.
|
| 999 |
|
|
|a MARS
|
| 999 |
f |
f |
|s 13f7b268-3231-32e8-97c0-695aa324d4a0
|i eacea3f3-c5e6-35de-a71c-9a17c5823c63
|t 0
|
| 952 |
f |
f |
|p normal
|a Texas A&M University
|b College Station
|c Sterling C. Evans Library
|d Evans: US Documents (Annex 5th floor)
|t 0
|e D 101.43/2:776
|h Superintendent of Documents classification
|i unmediated -- volume
|m A14823000042
|
| 998 |
f |
f |
|a D 101.43/2:776
|t 0
|l Evans: US Documents (Annex 5th floor)
|